000 00272nam a22001097a 4500
082 _a900
100 _aNag Arnab
_980523
245 _aReflections on Africa
260 _aKolkata
_bInstiyute of Social and cultural Studies
_c2017
650 _aarticle
_917951
942 _cBK
999 _c63866
_d63866